000 00286nam a22001217a 4500
008 170912b xxu||||| |||| 00| 0 eng d
041 _aeng
080 _a53
100 _a43
101 _aFIZ
245 _aSYSTEMTHEORIE DER OPTISCHEN NACHRICJTENTECHNIK
_cLUTZ.E
942 _2udc
_cBK
999 _c27336
_d27336